Discursos leidos ante la Real Academia de Ciencias Morales y Políticas en la recepción pública del Sr. D. José Moreno Nieto el dia 25 de mayo de 1879. (Record no. 160199)

MARC details
000 -LEADER
campo de control de longitud fija 00901nam a22002055i 4500
001 - NÚMERO DE CONTROL
campo de control 160199
003 - IDENTIFICADOR DE NÚMERO DE CONTROL
campo de control ES-MaACL
005 - FECHA Y HORA DE LA ÚLTIMA TRANSACCIÓN
campo de control 20250806025306.0
008 - DATOS DE LONGITUD FIJA--INFORMACIÓN GENERAL
campo de control de longitud fija 990429s1879 sp |||| | spa d
040 ## - FUENTE DE CATALOGACIÓN
Centro catalogador/agencia de origen CCPB | B
Lengua de catalogación spa
Centro/agencia transcriptor CCPB | B
100 1# - ENTRADA PRINCIPAL--NOMBRE DE PERSONA
Nombre de persona Moreno Nieto, José,
Fechas asociadas al nombre 1825-1882
9 (RLIN) 83416
245 10 - MENCIÓN DEL TÍTULO
Título Discursos leidos ante la Real Academia de Ciencias Morales y Políticas en la recepción pública del Sr. D. José Moreno Nieto el dia 25 de mayo de 1879.
260 ## - PUBLICACIÓN, DISTRIBUCIÓN, ETC.
Lugar de publicación, distribución, etc. Madrid :
Nombre del editor, distribuidor, etc. [s.n.],
Fecha de publicación, distribución, etc. 1879 (
Fabricante Imprenta Central á cargo de Victor Saiz)
300 ## - DESCRIPCIÓN FÍSICA
Extensión 93 p. ;
Dimensiones 25 cm.
505 8# - NOTA DE CONTENIDO CON FORMATO
Nota de contenido con formato Contiene: Discurso del Sr. José Moreno Nieto, p. 3-79 ; Contestación del Sr. D. Manuel Colmeiro, p. 81-93
510 4# - NOTA DE CITAS O REFERENCIAS BIBLIOGRÁFICAS
Nombre de la fuente Palau,
Localización dentro de la fuente t. X, 182260
700 0# - ENTRADA AGREGADA--NOMBRE PERSONAL
Nombre de persona Colmeiro, Manuel (
Fechas asociadas al nombre 1818-1894)
9 (RLIN) 39768
852 ## - LOCALIZACIÓN
Ubicación ES-MaACL
Número de control de estantería Fol-Laf-115
Nota libre -- Rust.
-- -- Legado M. de la Fuente
Holdings
Estatus retirado Estado de pérdida Estado de daño No para préstamo Colección Biblioteca de origen Biblioteca actual Ubicación en estantería Fecha de adquisición Fuente de adquisición Total de préstamos Signatura topográfica completa Código de barras Visto por última vez Precio de reemplazo Tipo de ítem Koha
        Colección de folletos Biblioteca del Ateneo de Madrid Biblioteca del Ateneo de Madrid Depósito folletos 17/01/2008     Fol-Laf-115 1167725 23/02/2023 23/02/2023 Folleto